[Event "It"]
[Site "masterchessopen.com Belgrade (Yugoslavia)"]
[Round "0"]
[White "Vasiljevic Dragan (SRB)"]
[Black "Jovanovic Nenad (SRB)"]
[Result "1-0"]
[WhiteElo "2280"]
[BlackElo "2338"]

1.d4 Nf6 2.c4 e6 3.Nc3 Bb4 4.e3 c5 5.Bd3 Nc6 6.Ne2 cxd4 7.exd4 d5 8.O-O dxc4
9.Bxc4 O-O 10.a3 Be7 11.Qd3 b6 12.Rd1 Bb7 13.Qh3 Rc8 14.Ba2 Na5 15.Rd3 Nd5
16.Nf4 Nxc3 17.bxc3 Be4 18.Nxe6 Qe8 19.Re3 Qa4 20.Bd2 Bb7 21.Nxf8 Bxf8
22.Bxf7+ {#r} 1-0

[Event "It (open)"]
[Site "masterchessopen.com Caorle (Italy)"]
[Round "6"]
[White "Pieterse Gert (NED)"]
[Black "Slutzkin Uri (ISR)"]
[Result "1-0"]
[WhiteElo "2361"]
[BlackElo "2269"]

1.d4 Nf6 2.c4 e6 3.Nc3 Bb4 4.e3 c5 5.Bd3 Nc6 6.Ne2 d5 7.a3 cxd4 8.exd4 dxc4
9.Bxc4 Bd6 10.Bg5 O-O 11.Qd3 b6 12.Rd1 Bb7 13.Ba2 Rc8 14.Bb1 g6 15.h4 Be7
16.h5 Ng4 17.hxg6 Nxf2 18.Kxf2 Bxg5 19.g7 Qf6+ 20.Kg1 Qxg7 21.Rxh7 Qf6 22.Rh5
Rfd8 23.Ne4 Qe7 24.Nxg5 f5 25.Qh3 Qf6 26.Nh7 Qh8 27.Qg3+ Qg7 28.Rg5 Rc7
29.Rxg7+ {#r} 1-0

[Event "It (open)"]
[Site "masterchessopen.com Caorle (Italy)"]
[Round "5"]
[White "Toma Jerzy"]
[Black "Portenier Juerg"]
[Result "0-1"]
[WhiteElo "2000"]
[BlackElo "2200"]

1.d4 Nf6 2.c4 e6 3.Nc3 Bb4 4.e3 c5 5.Bd3 O-O 6.Nf3 Nc6 7.O-O Bxc3 8.bxc3 d6
9.e4 e5 10.d5 Ne7 11.Nh4 h6 12.f4 Ng6 13.Nxg6 fxg6 14.fxe5 dxe5 15.Be3 b6
16.Qe1 Qe8 17.a4 a5 18.Ra2 Bd7 19.Raf2 g5 20.h4 gxh4 21.Rxf6 Rxf6 22.Rxf6 gxf6
23.Qxh4 Qg6 24.Be2 Kh7 25.Bh5 Qg7 26.Kf2 Rg8 27.g3 Bxa4 28.Kf3 Bd1+ {#R} 0-1

[Event "It (open)"]
[Site "masterchessopen.com Hamburg (Germany)"]
[Round "0"]
[White "Portisch Ferenc (HUN)"]
[Black "Ahmels Volker (GER)"]
[Result "1-0"]
[WhiteElo "2445"]
[BlackElo "2213"]

1.d4 Nf6 2.c4 e6 3.Nc3 Bb4 4.e3 c5 5.Bd3 Nc6 6.Ne2 cxd4 7.exd4 d5 8.c5 e5 9.a3
Bxc3+ 10.bxc3 e4 11.Bc2 Bg4 12.O-O Qa5 13.f3 exf3 14.gxf3 Be6 15.Bf4 g5 16.Bd6
O-O-O 17.Ba4 Ne8 18.Bg3 f5 19.Bxc6 bxc6 20.Be5 Rg8 21.Rb1 Nc7 22.Qd3 Qa6
23.Rb8+ Kd7 24.Qxa6 Nxa6 25.Rb7+ Ke8 26.Rxa7 Bc8 27.Ng3 {#r} 1-0

[Event "It"]
[Site "masterchessopen.com Leipzig (Germany)"]
[Round "1"]
[White "Kahn Manfred (GER)"]
[Black "Hupprich Thorsten (GER)"]
[Result "1-0"]
[WhiteElo "2139"]
[BlackElo "1986"]

1.d4 Nf6 2.c4 e6 3.Nc3 Bb4 4.e3 c5 5.Bd3 Nc6 6.Nf3 Bxc3+ 7.bxc3 d6 8.O-O e5
9.Ng5 Qc7 10.Qc2 b6 11.f4 Bb7 12.fxe5 dxe5 13.d5 Na5 14.Qa4+ Kf8 15.e4 Ba6
16.Be3 Kg8 17.h3 h6 18.Nf3 Kh7 19.Rf2 Rhf8 20.Nd2 Bc8 21.Raf1 Ng8 22.Qd1 Ne7
23.Nf3 g6 24.Nxe5 Qxe5 25.Rxf7+ Rxf7 26.Rxf7+ Kh8 27.Bf4 {#r} 1-0

[Event "It (cat.8)"]
[Site "masterchessopen.com Smederevska Palanka (Yugoslavia)"]
[Round "0"]
[White "Ristic Nebojsa (SRB)"]
[Black "Cvitan Ognjen (CRO)"]
[Result "0-1"]
[WhiteElo "2290"]
[BlackElo "2480"]

1.d4 Nf6 2.c4 e6 3.Nc3 Bb4 4.e3 c5 5.Bd3 Nc6 6.Nf3 Bxc3+ 7.bxc3 d6 8.O-O e5
9.Ng5 Qe7 10.Ne4 O-O 11.Nxf6+ Qxf6 12.Qc2 h6 13.f4 exd4 14.exd4 cxd4 15.Bb2
Re8 16.cxd4 Nb4 17.Qa4 Re3 18.Qxb4 Rxd3 19.Rae1 Bf5 20.Qxb7 Rc8 21.d5 Qg6
22.Re2 Qg4 23.Ref2 Rxc4 24.Qb8+ Kh7 25.Qxd6 Be4 26.f5 Bxd5 27.h3 Rxh3 28.Be5
Rd3 29.f6 Rd1 30.Bg3 Rxf1+ 31.Rxf1 Qe4 32.Rf2 Rc1+ 33.Kh2 Qb1 {#R} 0-1

[Event "Memorial Bagby"]
[Site "masterchessopen.com USA"]
[Round "0"]
[White "Karklins Andrew (USA)"]
[Black "Browne Walter S (USA)"]
[Result "0-1"]
[WhiteElo "2205"]
[BlackElo "2580"]

1.d4 Nf6 2.c4 e6 3.Nc3 Bb4 4.e3 c5 5.Bd3 Nc6 6.Nf3 d6 7.Bd2 e5 8.d5 Ne7 9.Qc2
O-O 10.h4 h6 11.Ng1 Bd7 12.f3 b5 13.b3 bxc4 14.bxc4 Ne8 15.Nh3 f5 16.f4 Nc8
17.g3 Nb6 18.Nf2 Nf6 19.a3 Ba5 20.O-O-O e4 21.Be2 Bxc3 22.Qxc3 Na4 23.Qa1 Rb8
24.Rdg1 Qb6 25.g4 Qb3 26.g5 Nb2 27.Nd1 Nd3+ 28.Bxd3 exd3 29.Qb2 Qxc4+ 30.Qc3
Qa2 31.Qxd3 Qa1+ {#R} 0-1

[Event "Ch France (team)"]
[Site "masterchessopen.com France"]
[Date "1984.06.01"]
[Round "2"]
[White "Villeneuve Alain (FRA)"]
[Black "Sharif Mehrshad (FRA)"]
[Result "1-0"]
[WhiteElo "2261"]
[BlackElo "2462"]

1.d4 Nf6 2.c4 e6 3.Nc3 Bb4 4.e3 c5 5.Bd3 Nc6 6.Nf3 Bxc3+ 7.bxc3 d6 8.O-O e5
9.Nd2 O-O 10.Nb3 Re8 11.f3 exd4 12.cxd4 cxd4 13.exd4 h6 14.Re1 Rxe1+ 15.Qxe1
Ne7 16.Qb4 a5 17.Qc3 Bf5 18.Bxf5 Nxf5 19.Qd3 Qd7 20.Rb1 a4 21.Na1 Rc8 22.Nc2
Nh4 23.Ne3 Qc6 24.Kf2 Ng6 25.g3 b6 26.Bd2 Re8 27.Rb5 Ne7 28.Qb1 Nd7 29.Qb4 Ra8
30.Nd5 Nc8 31.Qc3 Nf8 32.Rxb6 {#r} 1-0

[Event "Memorial Elekes"]
[Site "masterchessopen.com Budapest (Hungary)"]
[Round "0"]
[White "Zsinka Laszlo (HUN)"]
[Black "Lau Ralf (GER)"]
[Result "0-1"]
[WhiteElo "2286"]
[BlackElo "2460"]

1.d4 Nf6 2.c4 e6 3.Nc3 Bb4 4.e3 c5 5.Bd3 Nc6 6.Nf3 Bxc3+ 7.bxc3 d6 8.e4 e5
9.h3 h6 10.Be3 b6 11.Qe2 O-O 12.O-O Qe8 13.d5 Ne7 14.Nh4 g5 15.g4 gxh4 16.f4
Ng6 17.f5 Nf4 18.Rxf4 exf4 19.Bxf4 Qe7 20.Bxh6 Nd7 21.Rf1 f6 22.Bxf8 Qxf8
23.g5 fxg5 24.f6 Qh6 25.e5 Nxe5 26.Bf5 Bxf5 {#R} 0-1

[Event "Zt"]
[Site "masterchessopen.com Gausdal (Norway)"]
[Round "0"]
[White "Hansen Curt (DEN)"]
[Black "Hjartarson Johann (ISL)"]
[Result "0-1"]
[WhiteElo "2500"]
[BlackElo "2505"]

1.d4 Nf6 2.c4 e6 3.Nc3 Bb4 4.e3 c5 5.Bd3 Nc6 6.Nf3 Bxc3+ 7.bxc3 d6 8.O-O e5
9.Ng5 O-O 10.f4 exd4 11.cxd4 cxd4 12.exd4 Nxd4 13.Bb2 Nf5 14.Qc2 Ne3 15.Bxh7+
Kh8 16.Qd3 Nxf1 17.Rxf1 Bg4 18.Kh1 Qe7 19.Qc3 Rae8 20.Be4 Nh5 21.Bd3 f6 22.Nh7
Rf7 23.Bg6 Qe2 24.Rg1 Re3 25.Qa5 b6 26.Qd5 Nxf4 {#R} 0-1

[Event "Ch Italy"]
[Site "masterchessopen.com Italy"]
[Round "0"]
[White "Vallifuoco Giovanni (ITA)"]
[Black "Cocozza Mario (ITA)"]
[Result "0-1"]
[WhiteElo "2155"]
[BlackElo "2329"]

1.d4 Nf6 2.c4 e6 3.Nc3 Bb4 4.e3 c5 5.Bd3 Nc6 6.Ne2 d5 7.a3 cxd4 8.exd4 Be7
9.cxd5 Nxd5 10.O-O O-O 11.Bc2 Nxc3 12.bxc3 Bf6 13.Qd3 g6 14.Bh6 Re8 15.f4 b6
16.Ba4 Bb7 17.Ng3 Qd5 18.Ne4 Bh8 19.Rae1 a6 20.Qh3 b5 21.Bc2 Ne7 22.Nc5 Bc6
23.Re5 Qd6 24.Rfe1 Bd5 25.Qh4 Qc6 26.Ne4 Nf5 27.Nf6+ Bxf6 28.Qxf6 Nxh6 29.Rg5
Qxc3 30.Re2 Nf5 31.Bxf5 Qc1+ 32.Kf2 Qxf4+ 33.Kg1 exf5 {#R} 0-1

[Event "It (cat.9)"]
[Site "masterchessopen.com Potsdam (Germany)"]
[Round "0"]
[White "Knaak Rainer (GER)"]
[Black "Stohl Igor (SVK)"]
[Result "1-0"]
[WhiteElo "2525"]
[BlackElo "2445"]

1.d4 Nf6 2.c4 e6 3.Nc3 Bb4 4.e3 c5 5.Bd3 Nc6 6.Ne2 cxd4 7.exd4 d5 8.cxd5 Nxd5
9.O-O O-O 10.Bc2 Be7 11.a3 Nxc3 12.bxc3 b6 13.Qd3 g6 14.Re1 Bb7 15.Nf4 Bf6
16.Nh5 Bg5 17.Bb2 Ne7 18.c4 Nf5 19.d5 gxh5 20.Qc3 f6 21.Rxe6 Ng7 22.Qd3 f5
23.Qd4 Rf7 24.Rae1 Be7 25.d6 Bf8 26.h4 Bc6 27.Bd1 Qd7 28.Bxh5 Rd8 29.Bxf7+
Qxf7 30.Rf6 {#r} 1-0

[Event "?"]
[Site "masterchessopen.com Warsaw (Poland)"]
[Round "0"]
[White "Panczyk Krzysztof (POL)"]
[Black "Jussupow Artur (GER)"]
[Result "0-1"]
[WhiteElo "2405"]
[BlackElo "2600"]

1.d4 Nf6 2.c4 e6 3.Nc3 Bb4 4.e3 c5 5.Bd3 Nc6 6.Ne2 cxd4 7.exd4 d5 8.O-O dxc4
9.Bxc4 O-O 10.a3 Bxc3 11.bxc3 h6 12.Nf4 Bd7 13.Ba2 Rc8 14.Re1 Re8 15.Re3 e5
16.Nh5 exd4 17.Rg3 Bg4 18.Nxf6+ Qxf6 19.Rxg4 dxc3 20.Be3 c2 21.Qf1 Rxe3
22.fxe3 Qxf1+ 23.Rxf1 Ne5 24.Rgf4 c1=Q 25.Rxc1 Rxc1+ 26.Rf1 Rxf1+ 27.Kxf1 Ng4
{#R} 0-1

[Event "It (b)"]
[Site "masterchessopen.com Wijk aan Zee (Netherlands)"]
[Round "8"]
[White "Portisch Ferenc (HUN)"]
[Black "Grooten Herman (NED)"]
[Result "1-0"]
[WhiteElo "2405"]
[BlackElo "2345"]

1.d4 Nf6 2.c4 e6 3.Nc3 Bb4 4.e3 c5 5.Bd3 Nc6 6.Nf3 Bxc3+ 7.bxc3 d6 8.O-O e5
9.Ng5 Qe7 10.Qc2 g6 11.f4 O-O 12.fxe5 dxe5 13.Ne4 Nd7 14.Ba3 b6 15.dxc5 bxc5
16.Rab1 Nd8 17.Ng3 f5 18.Bxf5 gxf5 19.Nxf5 Rxf5 20.Qxf5 Nf8 21.Qe4 Bb7 22.Qg4+
Ng6 23.Rb5 Nf7 24.Bxc5 Qc7 25.h4 Bc6 26.h5 Bd7 27.Rxf7 Kxf7 28.hxg6+ Kg7
29.Qh4 hxg6 30.Be7 Qc6 31.Rd5 Bf5 32.Rd6 Qe4 33.Bf6+ {#r} 1-0

[Event "It (open)"]
[Site "masterchessopen.com Andorra"]
[Round "0"]
[White "Pliester Leon (NED)"]
[Black "Bergstrom Christer (SWE)"]
[Result "1-0"]
[WhiteElo "2380"]
[BlackElo "2376"]

1.d4 Nf6 2.c4 e6 3.Nc3 Bb4 4.e3 c5 5.Bd3 Nc6 6.Nf3 Bxc3+ 7.bxc3 d6 8.O-O e5
9.Ng5 O-O 10.f4 exd4 11.cxd4 cxd4 12.exd4 Nxd4 13.Bb2 Nf5 14.Qc2 Ne3 15.Bxh7+
Kh8 16.Qd3 Nxf1 17.Rxf1 Bg4 18.Be4 Qa5 19.Bd5 Qb6+ 20.Bd4 Bf5 21.Qc3 Nxd5
22.cxd5 Rac8 23.Qa1 Qb5 24.Bxg7+ Kg8 25.Qf6 Qc5+ 26.Kh1 Qf2 27.Rg1 Qxf4 28.Qh6
{#r} 1-0

[Event "Ch France"]
[Site "masterchessopen.com France"]
[Round "0"]
[White "Grimberg Gilbert (FRA)"]
[Black "Miralles Gilles (FRA)"]
[Result "0-1"]
[WhiteElo "2302"]
[BlackElo "2410"]

1.d4 Nf6 2.c4 e6 3.Nc3 Bb4 4.e3 c5 5.Bd3 Nc6 6.Ne2 cxd4 7.exd4 d5 8.O-O O-O
9.a3 dxc4 10.Bxc4 Be7 11.Qd3 a6 12.Rd1 b5 13.Ba2 b4 14.Ne4 a5 15.Bc4 bxa3
16.bxa3 a4 17.Bb5 Bd7 18.N4c3 Nb8 19.Bc4 Bc6 20.Nf4 Nbd7 21.Qh3 Rc8 22.Nxe6
fxe6 23.Bxe6+ Kh8 24.d5 Bb7 25.d6 Re8 26.Bxd7 Rxc3 27.dxe7 Qc7 28.Be3 Rxe7
29.Bxa4 h6 30.Qh4 Re4 31.Qg3 Rxa4 32.Rd6 Rg4 33.Qe5 Rxg2+ {#R} 0-1

[Event "Ch URS"]
[Site "masterchessopen.com Kiev (Ukraine)"]
[Round "0"]
[White "Lerner Konstantin Z (UKR)"]
[Black "Yudasin Leonid (ISR)"]
[Result "1-0"]
[WhiteElo "2550"]
[BlackElo "2495"]

1.d4 Nf6 2.c4 e6 3.Nc3 Bb4 4.e3 c5 5.Bd3 Nc6 6.Ne2 cxd4 7.exd4 d5 8.cxd5 Nxd5
9.O-O Nf6 10.Bc2 h6 11.Qd3 Bd6 12.a3 ( 12.Ne4 Nb4 13.Ba4+ Kf8 14.Qf3 Nxe4
15.Qxe4 Bd7 16.Bxd7 Qxd7 { = } ) 12...Ne7 13.Bf4 Bxf4 14.Nxf4 Qd6 15.Qg3 Qxd4
16.Rad1 Qe5 17.Nxe6 Qxe6 18.Rfe1 O-O ( 18...Qg4 19.Rxe7+ Kxe7 20.Qd6+ { P } )
( 18...Qb6 19.Qxg7 Rg8 20.Ba4+ Bd7 21.Bxd7+ Nxd7 22.Qxg8+ { P } ) 19.Rxe6 Bxe6
20.Ne4 Nxe4 21.Bxe4 Rad8 22.Rxd8 Rxd8 23.h3 Nd5 24.Qe5 b5 25.Qd4 a6 26.Qa7 Nf6
27.Bf3 {#r} 1-0

[Event "It"]
[Site "masterchessopen.com Leipzig (Germany)"]
[Round "5"]
[White "Kahn Manfred (GER)"]
[Black "Braemigk Uwe (GER)"]
[Result "0-1"]
[WhiteElo "2139"]
[BlackElo "1984"]

1.d4 Nf6 2.c4 e6 3.Nc3 Bb4 4.e3 c5 5.Bd3 Nc6 6.Ne2 cxd4 7.exd4 d5 8.cxd5 Nxd5
9.O-O Be7 10.a3 Nf6 11.Bc2 O-O 12.Qd3 b6 13.Rd1 Bb7 14.Qh3 Na5 15.b4 Nc4
16.Bg5 g6 17.Bh6 Re8 18.Ba4 a5 19.Bxe8 Nxe8 20.b5 Bxa3 21.d5 e5 22.Na4 Bb4
23.Qg4 Ned6 24.Bg5 f6 25.Be3 Bc8 26.Qh4 Bd7 27.Nec3 Rc8 28.Ne4 g5 29.Nxg5 fxg5
30.Bxg5 Qe8 31.Be3 Qg6 32.Bxb6 Bxb5 {#R} 0-1

[Event "Memorial Nielsen (corr.)"]
[Site "masterchessopen.com corr."]
[Round "0"]
[White "Danner Georg (AUT)"]
[Black "Ingerslev Aage (DEN)"]
[Result "1-0"]
[WhiteElo "2405"]
[BlackElo "2230"]

1.d4 Nf6 2.c4 e6 3.Nc3 Bb4 4.e3 c5 5.Bd3 Nc6 6.Nf3 Bxc3+ 7.bxc3 d6 8.O-O b6
9.Ng5 Qd7 10.f4 Na5 11.e4 h6 12.e5 dxe5 13.Nxf7 Qxf7 14.fxe5 Bb7 15.exf6 O-O-O
16.d5 gxf6 17.Bf4 exd5 18.Bf5+ Rd7 19.cxd5 Bxd5 20.Bg3 Be6 21.Qf3 Rb7 22.Be4
{#r} 1-0

[Event "Bundesliga 1986/87"]
[Site "masterchessopen.com Germany"]
[Round "0"]
[White "Vogel Robert (GER)"]
[Black "Steinbacher Matthias Dr (GER)"]
[Result "0-1"]
[WhiteElo "2256"]
[BlackElo "2228"]

1.d4 Nf6 2.c4 e6 3.Nc3 Bb4 4.e3 c5 5.Bd3 Nc6 6.Nf3 d6 7.O-O Bxc3 8.bxc3 O-O
9.Ng5 h6 10.Ne4 Nxe4 11.Bxe4 Na5 12.Qe2 Qc7 13.Bd3 b6 14.d5 Ba6 15.e4 Rae8
16.Bf4 f5 17.dxe6 Rxe6 18.f3 g5 19.Bd2 f4 20.g3 fxg3 21.f4 gxh2+ 22.Kxh2 Rfe8
23.fxg5 Bxc4 24.gxh6 d5+ 25.Kh3 Kh8 26.Rg1 dxe4 27.Bxc4 Nxc4 28.Qxc4 Qd7
29.Bg5 Rxh6+ 30.Kg3 Rf8 {#R} 0-1

[Event "Bundesliga 1987/88"]
[Site "masterchessopen.com Germany"]
[Round "0"]
[White "Hermesmann Hans (GER)"]
[Black "Pritchett Craig W (SCO)"]
[Result "0-1"]
[WhiteElo "2298"]
[BlackElo "2343"]

1.d4 Nf6 2.c4 e6 3.Nc3 Bb4 4.e3 c5 5.Bd3 Nc6 6.Ne2 d5 7.cxd5 Nxd5 8.O-O cxd4
9.exd4 O-O 10.Bc2 Nce7 11.Bg5 f6 12.Nxd5 Nxd5 13.Bh4 Bd7 14.Qd3 g6 15.Bg3 Bc6
16.Nc3 Nxc3 17.bxc3 Qd5 18.f3 Bb5 19.Qe3 Bxf1 20.Rxf1 Qxa2 21.Bb1 Qb3 22.Qh6
Qxc3 23.Bxg6 Qxd4+ 24.Kh1 Qd7 25.Bc2 Rac8 26.Bb3 Rc3 27.Rd1 Rxb3 {#R} 0-1

[Event "It"]
[Site "masterchessopen.com Nethanya (Israel)"]
[Round "4"]
[White "Schoen Wolfram (GER)"]
[Black "Przewoznik Jan (POL)"]
[Result "1-0"]
[WhiteElo "2403"]
[BlackElo "2430"]

1.d4 Nf6 2.c4 e6 3.Nc3 Bb4 4.e3 c5 5.Bd3 Nc6 6.Nf3 Bxc3+ 7.bxc3 d6 8.O-O e5
9.Ng5 O-O 10.f4 exd4 11.cxd4 cxd4 12.exd4 d5 13.Ba3 Re8 14.Qc2 g6 15.cxd5 Nxd5
16.Nxf7 Kxf7 17.f5 g5 18.f6 Nf4 19.Bc4+ Kxf6 20.Qxh7 Qxd4+ 21.Kh1 Ne5 22.h4
Nxc4 23.Qh6+ Kf7 24.Qxg5 Re4 25.Rae1 Rxe1 26.Rxe1 Be6 27.Rf1 Qg7 28.Qxf4+ Kg8
29.Rf3 Qa1+ 30.Bc1 Ne5 31.Qg5+ Kh7 32.Qh6+ Kg8 33.Qxe6+ {#r} 1-0

[Event "It"]
[Site "masterchessopen.com Pancevo (Yugoslavia)"]
[Round "6"]
[White "Vasiljevic Dragan (SRB)"]
[Black "Rodriguez Amador (ESP)"]
[Result "0-1"]
[WhiteElo "2280"]
[BlackElo "2495"]

1.d4 Nf6 2.c4 e6 3.Nc3 Bb4 4.e3 c5 5.Bd3 Nc6 6.Ne2 cxd4 7.exd4 d5 8.cxd5 Nxd5
9.O-O O-O 10.Bc2 Re8 11.Qd3 g6 12.Rd1 Bf8 13.Qf3 Bg7 14.Be4 Nxc3 15.bxc3 Bd7
16.Rb1 f5 17.Bc2 b6 18.Qg3 Rc8 19.Bg5 Bf6 20.Bxf6 Qxf6 21.Nf4 Qg7 22.h4 e5
23.Bb3+ Kh8 24.dxe5 Nxe5 25.Rd4 Ng4 26.Qd3 Ne5 27.Qd2 Bc6 28.Ne6 Qf6 29.Ng5 h6
30.Ne4 Qxh4 31.Nf6 f4 32.Rxf4 Qg5 33.Nd5 Nf3+ {#R} 0-1

[Event "?"]
[Site "masterchessopen.com Porabka (Poland)"]
[Round "0"]
[White "Halasz Tamas (HUN)"]
[Black "Genov Petar (BUL)"]
[Result "1-0"]
[WhiteElo "2356"]
[BlackElo "2447"]

1.d4 Nf6 2.c4 e6 3.Nc3 Bb4 4.e3 c5 5.Bd3 Nc6 6.Ne2 cxd4 7.exd4 d5 8.cxd5 Qxd5
9.O-O Qh5 10.Bf4 O-O 11.Ne4 Be7 12.Rc1 Nb4 13.Bb1 Nxe4 14.Bxe4 Nd5 15.Be5 f6
16.Bg3 Bd8 17.Nf4 Qf7 18.Qf3 Nxf4 19.Bxf4 Bb6 20.Bd6 Rd8 21.Qg3 Qd7 22.Bc7
Qxd4 23.Bxd8 Qxd8 24.Rfd1 Qe7 25.Qh4 g5 26.Qh6 e5 27.h4 g4 28.Qh5 g3 29.Rxc8+
Rxc8 30.Qg4+ {#r} 1-0

[Event "It (open)"]
[Site "masterchessopen.com Bad Mergentheim (Germany)"]
[Round "0"]
[White "Damm Fabian (GER)"]
[Black "Probst Joachim (GER)"]
[Result "1-0"]
[WhiteElo "2111"]
[BlackElo "2071"]

1.d4 Nf6 2.c4 e6 3.Nc3 Bb4 4.e3 c5 5.Bd3 Nc6 6.Ne2 cxd4 7.exd4 d5 8.O-O e5
9.dxe5 Nxe5 10.Qa4+ Nc6 11.cxd5 Nxd5 12.Bb5 O-O 13.Nxd5 {#r} 1-0

[Event "It (open)"]
[Site "masterchessopen.com Balatonbereny (Hungary)"]
[Round "9"]
[White "Romero Holmes Alfonso (ESP)"]
[Black "Kiss Attila (HUN)"]
[Result "1-0"]
[WhiteElo "2488"]
[BlackElo "2358"]

1.d4 Nf6 2.c4 e6 3.Nc3 Bb4 4.e3 c5 5.Bd3 Nc6 6.Ne2 cxd4 7.exd4 d5 8.cxd5 Nxd5
9.O-O Be7 10.Bc2 O-O 11.Qd3 g6 12.a3 b6 13.Bh6 Re8 14.Rad1 Bb7 15.Rfe1 Rc8
16.Nxd5 exd5 17.Nf4 Na5 18.Ba4 Bc6 19.Bxc6 Rxc6 20.Qf3 g5 21.Bxg5 Bxg5
22.Rxe8+ Qxe8 23.Qg4 h6 24.h4 Qd8 25.hxg5 hxg5 26.Rd3 Rh6 27.Rg3 f6 28.Qe6+
Kg7 29.Nxd5 Rh8 30.Rc3 Re8 31.Rc7+ Kh6 32.Qh3+ {#r} 1-0

[Event "?"]
[Site "masterchessopen.com Belgrade (Yugoslavia)"]
[Round "0"]
[White "Djurovic Dejan (SRB)"]
[Black "Gruen Peter (GER)"]
[Result "0-1"]
[WhiteElo "2305"]
[BlackElo "2380"]

1.d4 Nf6 2.c4 e6 3.Nc3 Bb4 4.e3 c5 5.Bd3 Nc6 6.Nf3 Bxc3+ 7.bxc3 d6 8.e4 e5
9.d5 Ne7 10.Nd2 Qa5 11.Qb3 O-O 12.Nf1 Nh5 13.Ne3 Nf4 14.Bf1 f5 15.g3 fxe4
16.gxf4 exf4 17.Ng2 Ng6 18.h3 Bd7 19.a4 Rae8 20.Kd1 a6 21.Ra2 Kh8 22.Bd2 Rb8
23.Ne1 Qd8 24.Bc1 b6 25.Re2 Qe8 26.Ra2 Ne5 27.Ng2 Qh5+ 28.Kc2 Qf3 29.Kb1 b5
30.cxb5 axb5 31.axb5 c4 32.Qc2 Rxb5+ 33.Ka1 Rfb8 {#R} 0-1

[Event "?"]
[Site "masterchessopen.com Belgrade (Yugoslavia)"]
[Round "0"]
[White "Zaichik Gennadi (USA)"]
[Black "Crawley Gavin (ENG)"]
[Result "1-0"]
[WhiteElo "2510"]
[BlackElo "2380"]

1.d4 Nf6 2.c4 e6 3.Nc3 Bb4 4.e3 c5 5.Bd3 Nc6 6.Ne2 cxd4 7.exd4 d5 8.cxd5 Nxd5
9.O-O O-O 10.a3 Be7 11.Bc2 Nxc3 12.bxc3 b6 13.Qd3 g6 14.Bh6 Re8 15.f4 Bb7
16.f5 Bg5 17.fxg6 fxg6 18.Qh3 Rc8 19.Bxg5 Qxg5 20.Rf7 Kxf7 21.Qxh7+ {#r} 1-0

[Event "?"]
[Site "masterchessopen.com Budapest (Hungary)"]
[Round "0"]
[White "Vaisser Anatoly (FRA)"]
[Black "Jurek Josef (CZE)"]
[Result "1-0"]
[WhiteElo "2530"]
[BlackElo "2337"]

1.d4 e6 2.c4 Nf6 3.Nc3 Bb4 4.e3 c5 5.Bd3 Nc6 6.Ne2 cxd4 7.exd4 d5 8.cxd5 Nxd5
9.O-O O-O 10.Bc2 Be7 11.a3 b6 12.Qd3 g6 13.Rd1 Bb7 14.Qh3 Nxc3 15.bxc3 Na5
16.Bh6 Re8 17.Nf4 Qc7 18.Nxe6 fxe6 19.Qxe6+ Kh8 20.Qf7 Rg8 21.Bf4 Rgf8
22.Qxf8+ {#r} 1-0

[Event "It (open)"]
[Site "masterchessopen.com Corfu (Greece)"]
[Round "2"]
[White "Grivas Efstratios (GRE)"]
[Black "Trifonas Spyridon (GRE)"]
[Result "1-0"]
[WhiteElo "2492"]
[BlackElo "2174"]

1.d4 Nf6 2.c4 e6 3.Nc3 Bb4 4.e3 c5 5.Bd3 Bxc3+ 6.bxc3 Qe7 7.Ne2 O-O 8.Ng3 d5
9.O-O Nc6 10.cxd5 exd5 11.a4 Re8 12.Ba3 b6 13.Qb1 g6 14.Re1 Ne4 15.Nxe4 dxe4
16.Be2 Qg5 17.Kh1 Re6 18.f4 exf3 19.Bxf3 Rf6 20.Qd1 Rb8 21.e4 Rd6 22.e5 Nxe5
23.Rxe5 {#r} 1-0

[Event "It (cat.10)"]
[Site "masterchessopen.com Debrecen (Hungary)"]
[Round "7"]
[White "Horvath Jozsef M (HUN)"]
[Black "Schneider Attila (HUN)"]
[Result "1-0"]
[WhiteElo "2104"]
[BlackElo "2420"]

1.d4 Nf6 2.c4 e6 3.Nc3 Bb4 4.e3 c5 5.Bd3 Nc6 6.Ne2 d5 7.cxd5 Nxd5 8.a3 cxd4
9.axb4 dxc3 10.bxc3 O-O 11.e4 Nb6 12.f4 Qh4+ 13.Ng3 Rd8 14.O-O Bd7 15.Be3 Be8
16.Qe2 Nd7 17.e5 f6 18.Bc4 Bf7 19.f5 {#r} 1-0

[Event "Ch New Zealand"]
[Site "masterchessopen.com Dunedin (New Zealand)"]
[Round "0"]
[White "Ker Anthony F (NZL)"]
[Black "Smith Robert W (NZL)"]
[Result "1-0"]
[WhiteElo "2344"]
[BlackElo "2275"]

1.d4 Nf6 2.c4 e6 3.Nc3 Bb4 4.e3 c5 5.Bd3 Nc6 6.Nf3 Bxc3+ 7.bxc3 d6 8.e4 e5
9.h3 h6 10.O-O b6 11.Qe2 O-O 12.dxe5 dxe5 13.Ne1 Ba6 14.Nc2 Na5 15.Ne3 Qd7
16.f4 Nh5 17.Nf5 exf4 18.Qxh5 Qxd3 19.Rxf4 Bc8 20.Ne7+ Kh7 21.Rf6 {#r} 1-0

[Event "?"]
[Site "masterchessopen.com France"]
[Round "0"]
[White "Louistisserand P"]
[Black "Kraut Rainer (GER)"]
[Result "0-1"]
[WhiteElo "2200"]
[BlackElo "2444"]

1.d4 Nf6 2.c4 e6 3.Nc3 Bb4 4.e3 c5 5.Bd3 Nc6 6.Nf3 Bxc3+ 7.bxc3 d6 8.O-O e5
9.Ng5 O-O 10.f4 exd4 11.cxd4 h6 12.d5 Nb4 13.Bb1 hxg5 14.a3 Na6 15.Bb2 Re8
16.fxg5 Ng4 17.Qd3 Qxg5 18.Qh7+ Kf8 19.Bg6 Ke7 20.Rxf7+ Kd8 21.Rf3 Re7 22.Raf1
Kc7 23.e4 Bd7 24.Rg3 Qh6 25.Rh3 Qxh7 26.Rxh7 Ne5 27.Bxe5 dxe5 28.Rf7 Rxf7
29.Bxf7 g5 30.Rg7 Rf8 31.Be6 Nb8 32.g3 Kd6 {#R} 0-1

[Event "It (cat.8)"]
[Site "masterchessopen.com Leipzig (Germany)"]
[Round "5"]
[White "Chekhov Valery A (RUS)"]
[Black "Kiss Attila (HUN)"]
[Result "1-0"]
[WhiteElo "2480"]
[BlackElo "2358"]

1.d4 Nf6 2.c4 e6 3.Nc3 Bb4 4.e3 c5 5.Bd3 Nc6 6.Ne2 d5 7.cxd5 Nxd5 8.a3 cxd4
9.axb4 dxc3 10.bxc3 O-O 11.O-O Qh4 12.e4 Nf6 13.f3 Rd8 14.Qc2 b6 15.Nf4 Nd7
16.Be3 Bb7 17.Rfd1 Rac8 18.Qb3 Nde5 19.Be2 h6 20.Nd3 Nxd3 21.Bxd3 Rd7 22.Be2
Rcc7 23.Rxd7 Rxd7 24.b5 Na5 25.Qb4 Qd8 26.c4 Rd3 27.Bxd3 Qxd3 28.Qd2 Qxc4
29.Qd7 Qc3 30.Bd4 Qd3 31.Qd8+ Kh7 32.Bxb6 Qc3 33.Qd4 Qxd4+ 34.Bxd4 {#r} 1-0

[Event "?"]
[Site "masterchessopen.com Malme (Sweden)"]
[Round "0"]
[White "Berg Klaus (DEN)"]
[Black "Forintos Gyozo V (HUN)"]
[Result "1-0"]
[WhiteElo "2421"]
[BlackElo "2317"]

1.d4 Nf6 2.c4 e6 3.Nc3 Bb4 4.e3 c5 5.Bd3 d5 6.cxd5 exd5 7.Ne2 cxd4 8.exd4 Nc6
9.O-O Bd6 10.f3 h6 11.Be3 Be6 12.Qd2 a6 13.Kh1 Nb4 14.Bb1 Rc8 15.Nf4 O-O 16.a3
Nc6 17.g4 Na5 18.Qd3 Re8 19.Rg1 Kf8 20.Ba2 Nc4 21.Bxc4 dxc4 22.Qd2 Bxf4
23.Bxf4 Nd5 24.Ne4 Nxf4 25.Qxf4 Bd5 26.Raf1 Rc6 27.g5 Rxe4 {#r} 1-0